| 000 | 01281nam0a22002771 4500 | ||
|---|---|---|---|
| 001 | rc\2771099 | ||
| 005 | 20250806203713.0 | ||
| 035 | _a(NLR Aleph) 006897473 | ||
| 090 |
_a28416 _c28416 |
||
| 100 | _a20110915d1941 u y0rusy50 ca | ||
| 101 | 0 | _arus | |
| 102 | _aRU | ||
| 105 | _ay z ||||| | ||
| 200 | 1 |
_aВ помощь изучающим историю ВКП(б) _eСб. статей к XI главе "Краткого курса истории ВКП(б)" _fСоставитель: доц. К. И. Муханов |
|
| 210 |
_aСаратов _cСарат. обл. изд-во _d1941 |
||
| 215 |
_a88 с. _d22 см. |
||
| 300 | _aНа обороте тит. л. указан составитель: доц. К. И. Муханов | ||
| 320 | _aБиблиогр.: "Указатель основ. первоисточников к XI гл. "Краткого курса истории ВКП(б)" и "Краткий указатель худож. лит-ры...", с. 81-3 | ||
| 702 | 1 |
_aМуханов _bК.И. _gКонстантин Иванович _4220 |
|
| 801 | 0 |
_aRU _bNLR _gpsbo |
|
| 801 | 1 |
_aRU _bELAR _2rusmarc |
|
| 852 |
_aNLR _jИп30 Г-6/4 |
||
| 942 | _cBOOK | ||
| 945 | _aРоссийская национальная библиотека | ||
| 980 | _aNB | ||
| 980 | _aBV | ||